MARC details
| 000 -CABECERA |
| campo de control de longitud fija |
02008nam a22002297a 4500 |
| 003 - IDENTIFICADOR DEL NÚMERO DE CONTROL |
| campo de control |
DO-SdBNP |
| 005 - FECHA Y HORA DE LA ÚLTIMA TRANSACCIÓN |
| campo de control |
20240307073943.0 |
| 007 - CAMPO FIJO DE DESCRIPCIÓN FÍSICA--INFORMACIÓN GENERAL |
| campo de control de longitud fija |
ta |
| 008 - DATOS DE LONGITUD FIJA--INFORMACIÓN GENERAL |
| campo de control de longitud fija |
211209b2018 dr abd|| |||| 00| 0 spa d |
| 040 ## - FUENTE DE LA CATALOGACIÓN |
| Centro catalogador/agencia de origen |
DO-SdBNP |
| Lengua de catalogación |
spa |
| Centro/agencia transcriptor |
BNPHU |
| 082 #4 - NÚMERO DE LA CLASIFICACIÓN DECIMAL DEWEY |
| Número de edición |
22 |
| Número de documento/Ítem |
P964c |
| 110 2# - ENTRADA PRINCIPAL--NOMBRE DE ENTIDAD CORPORATIVA |
| Unidad subordinada |
Programa USAID - INTEC de información climática. |
| Nombre de entidad corporativa o nombre de jurisdicción como elemento de entrada |
Instituto Tecnológico de Santo Domingo |
| 9 (RLIN) |
78911 |
| 245 10 - MENCIÓN DE TÍTULO |
| Título |
Clima futuro en la República Dominicana / |
| Mención de responsabilidad, etc. |
coordinador ; Alvin Rodríguez. |
| 260 ## - PUBLICACIÓN, DISTRIBUCIÓN, ETC. |
| Lugar de publicación, distribución, etc. |
Santo Domingo : |
| Nombre del editor, distribuidor, etc. |
Programa USAID - INTEC, |
| Fecha de publicación, distribución, etc. |
2018. |
| 300 ## - DESCRIPCIÓN FÍSICA |
| Extensión |
85, [18] p. : |
| Otras características físicas |
il., mapas, diagr. ; |
| Dimensiones |
28 cm. |
| 504 ## - NOTA DE BIBLIOGRAFÍA, ETC. |
| Nota de bibliografía, etc. |
Bibliografía : p. 83-85 |
| 505 0# - NOTA DE CONTENIDO CON FORMATO |
| Nota de contenido con formato |
Presentación -- Programa de información climática -- Índice de figuras -- Índice de tablas -- Lista de acrónimos – Introducción -- Cambio climático global y los escenarios del IPCC -- Modelos de circulación general -- Downscaling estadístico -- Datos del nivel del mar -- Índice de sequía -- Índice de calor y cálculos de olas de calor -- Análisis de recursos de agua -- Caracterización de la cuenca -- Balance hídrico -- Validación de HEC-HMS -- Análisis de innundaciones para Santo Domingo -- Aumento del nivel del mar en la República Dominicana -- Eventos de sequía en la República Dominicana -- Eventos de sequía en el presente -- Proyecciones de sequía -- Olas de calor en la República Dominicana -- Olas de calor en el presente -- Proyecciones de olas de calor -- Balance hídrico -- Análisis de inundaciones: Santo Domingo - río Ozama – Conclusiones – Bibliofrafías -- Boletín #1 Ondas de calor en Samaná -- Boletín #2 Sequías en Samaná -- Boletín #3 Ondas de calor en Santiago -- Boletín #4 Eventos de sequía en Santiago -- Boletín #5 Análisis de inundación en zonas al margen del río Ozama -- Boletín #6 Ondas de calor en Santo Domingo -- Boletín #7 Sequías en Santo Domingo. |
| 590 ## - NOTA LOCAL (RLIN) |
| Nota local |
Inventariado, 2021 /LP<br/><br/><br/> |
| 700 1# - PUNTO DE ACCESO ADICIONAL--NOMBRE DE PERSONA |
| Nombre de persona |
Rodríguez, Alvin, |
| Término indicativo de función/relación |
coord. |
| 9 (RLIN) |
80846 |
| 910 ## - DATOS DE OPCIÓN DEL USUARIO (OCLC) |
| Datos de opción del usuario |
Lopérez. |
| 942 ## - ELEMENTOS DE PUNTO DE ACCESO ADICIONAL (KOHA) |
| Fuente del sistema de clasificación o colocación |
Dewey Decimal Classification |
| Tipo de ítem Koha |
Libro |